Library Logo

Pioneer International University Library Catalogue

FINANCIAL ACCOUNTING (Record no. 174)

MARC details
000 -LEADER
fixed length control field 00387nam a22001337a 4500
005 - DATE AND TIME OF LATEST TRANSACTION
control field 20250901165209.0
008 - FIXED-LENGTH DATA ELEMENTS--GENERAL INFORMATION
fixed length control field 210217b ||||| |||| 00| 0 eng d
020 ## - INTERNATIONAL STANDARD BOOK NUMBER
International Standard Book Number 0538851341
050 ## - LIBRARY OF CONGRESS CALL NUMBER
Classification number HF 5635 .I484 1995
245 ## - TITLE STATEMENT
Title FINANCIAL ACCOUNTING
Statement of responsibility, etc. INGRAM, ROBERT W.
250 ## - EDITION STATEMENT
Edition statement 2ND ED.
260 ## - PUBLICATION, DISTRIBUTION, ETC.
Place of publication, distribution, etc. U.S.A.
Name of publisher, distributor, etc. SOUTH-WESTERN COLLEGE
Date of publication, distribution, etc. 1995
942 ## - ADDED ENTRY ELEMENTS (KOHA)
Source of classification or shelving scheme Library of Congress Classification
Classification part HF 5635 .I484 1995
Holdings
Withdrawn status Lost status Source of classification or shelving scheme Damaged status Not for loan Home library Current library Shelving location Date acquired Total checkouts Full call number Barcode Date last seen Date last checked out Price effective from Koha item type
    Library of Congress Classification     Main Library Main Library   02/17/2021 2 HF 5635 .I484 1995 PIU0002813 10/19/2021 10/19/2021 02/17/2021 Books